Statistics for US States Without First or Last Letters Quiz #3

Click here to take the quiz!

General Stats

  • This quiz has been taken 33 times
  • The average score is 10 of 10

Answer Stats

US States Without First or Last LettersFull US State Names% Correct
rkansaArkansas
100%
onnecticuConnecticut
100%
eorgiGeorgia
100%
dahIdaho
100%
arylanMaryland
100%
issourMissouri
100%
ontanMontana
100%
ort arolinNorth Carolina
100%
owIowa
97%
e erseNew Jersey
94%

Score Distribution

Percentile by Number Answered

Percent of People with Each Score

Your Score History

You have not taken this quiz